000 00757nam a22001817a 4500
999 _c372226
_d372226
008 201127b ||||| |||| 00| 0 eng d
040 _aDE-2950
_bger
_cDE-2950
_erda
041 _ager
245 _aFrankfurt (Oder) geht beim Zukunftszentrum leer aus.
_bEntscheidung. Den Zuschlag für das Zentrum Deutsche Einheit erhält Halle an der Saale. Die Jury will heute in Berlin offiziell darüber informieren /
_cThomas Gutke
264 _c2023
653 _aFrankfurt (Oder)
653 _aZukunftszentrum
773 _dFrankfurt (Oder) Märkisches Verlags- und Druckhaus GmbH & Co KG
_tMärkische Oderzeitung
_g34. Jahrgang (2023) Nr. 39 vom 15.02.2023, S.1: mit Foto
942 _cA